[Event "KGZ Olimp U16 qual"]
[Site "Bishkek"]
[Date "2019.09.10"]
[Round "9"]
[White "Zholdoshmamatov, Adilet"]
[Black "Orozbaev, Eldiar"]
[Result "0-1"]
[WhiteElo "1653"]
[BlackElo "1908"]
[PlyCount "70"]
[EventDate "2019.09.05"]
[EventType "swiss"]
[EventRounds "9"]
[EventCountry "KGZ"]
[SourceTitle "CBM 195 Extra"]
[Source "ChessBase"]
[SourceDate "2020.05.31"]
[SourceVersion "1"]
[SourceVersionDate "2020.05.31"]
[SourceQuality "1"]

1. e4 e6 2. d3 d5 3. Nd2 Nc6 4. Ngf3 dxe4 5. dxe4 Bc5 6. g3 e5 7. Bg2 Nf6 8. 0-0 0-0 9. Qe2 Qe7 10. Nb3 Bb6 11. a4 a5 12. Bg5 Be6 13. Qb5 h6 14. Bxf6 Qxf6 15. Nc5 Na7 16. Nd7 Qe7 17. Qxe5 Qxd7 18. Rfd1 Qe7 19. Nh4 Nc6 20. Qc3 Qc5 21. Qf3 Ne5 22. Qe2 Bg4 23. Nf3 Nxf3+ 24. Bxf3 Bxf3 25. Qxf3 Qxc2 26. b3 Rae8 27. Rd3 Bxf2+ 28. Kh1 Bb6 29. Rad1 Qc6 30. Rd5 Re7 31. Rf1 Rfe8 32. Re1 Qxd5 33. exd5 Rxe1+ 34. Kg2 R8e2+ 35. Kh3 Bg1 0-1

[Event "KGZ Olimp U16 qual"]
[Site "Bishkek"]
[Date "2019.09.06"]
[Round "3"]
[White "Akbarkanov, Nurbai"]
[Black "Zholdoshmamatov, Adilet"]
[Result "1-0"]
[WhiteElo "1768"]
[BlackElo "1653"]
[PlyCount "62"]
[EventDate "2019.09.05"]
[EventType "swiss"]
[EventRounds "9"]
[EventCountry "KGZ"]
[SourceTitle "CBM 195 Extra"]
[Source "ChessBase"]
[SourceDate "2020.05.31"]
[SourceVersion "1"]
[SourceVersionDate "2020.05.31"]
[SourceQuality "1"]

1. d4 Nf6 2. c4 g6 3. Nc3 Bg7 4. e4 d6 5. f3 0-0 6. Be3 e5 7. Nge2 Re8 8. d5 Na6 9. a3 c6 10. b4 cxd5 11. cxd5 Nh5 12. Rc1 f5 13. Qb3 fxe4 14. Nxe4 Bf5 15. N2g3 Bxe4 16. Nxe4 Nf6 17. Bxa6 bxa6 18. Bg5 Qe7 19. 0-0 Rac8 20. Qa4 h6 21. Bxf6 Bxf6 22. Qxa6 Rxc1 23. Rxc1 Bg5 24. Rc6 Be3+ 25. Kh1 Qh4 26. g3 Qe7 27. Rxd6 Qf7 28. Kg2 Rf8 29. Rxg6+ Kh7 30. Rf6 Qg7 31. Rxf8 Qxf8 1-0

[Event "KGZ Olimp U16 qual"]
[Site "Bishkek"]
[Date "2019.09.05"]
[Round "1"]
[White "Zholdoshmamatov, Adilet"]
[Black "Borubaev, Nursultan"]
[Result "1-0"]
[WhiteElo "1653"]
[BlackElo "1204"]
[PlyCount "51"]
[EventDate "2019.09.05"]
[EventType "swiss"]
[EventRounds "9"]
[EventCountry "KGZ"]
[SourceTitle "CBM 195 Extra"]
[Source "ChessBase"]
[SourceDate "2020.05.31"]
[SourceVersion "1"]
[SourceVersionDate "2020.05.31"]
[SourceQuality "1"]

1. e4 c5 2. Nc3 a6 3. f4 d6 4. Nf3 Nc6 5. a4 Bg4 6. Bc4 Bxf3 7. Qxf3 Nd4 8. Qd1 e6 9. d3 Be7 10. 0-0 Nf6 11. e5 dxe5 12. fxe5 Nd7 13. Qg4 Nf5 14. Bf4 g5 15. Qh5 gxf4 16. Bxe6 Nxe5 17. Rxf4 Ng6 18. Bxf7+ Kxf7 19. Qxf5+ Bf6 20. Rf3 Qd4+ 21. Kh1 Nh4 22. Qh5+ Ke6 23. Re1+ Be5 24. Qf7+ Kd6 25. Rf6+ Bxf6 26. Re6# 1-0

[Event "KGZ-ch U20"]
[Site "Bishkek"]
[Date "2019.03.22"]
[Round "4"]
[White "Zholdoshmamatov, Adilet"]
[Black "Atakanov, Adil"]
[Result "1/2-1/2"]
[WhiteElo "1671"]
[BlackElo "1884"]
[PlyCount "66"]
[EventDate "2019.03.19"]
[EventType "swiss"]
[EventRounds "9"]
[EventCountry "KGZ"]
[SourceTitle "CBM 190 Extra"]
[Source "ChessBase"]
[SourceDate "2019.07.15"]
[SourceVersion "1"]
[SourceVersionDate "2019.07.15"]
[SourceQuality "1"]

1. e4 d6 2. d4 Nf6 3. Bd3 g6 4. Bg5 Bg7 5. Nf3 0-0 6. 0-0 Nbd7 7. e5 Nd5 8. Re1 h6 9. Bh4 Nf4 10. exd6 cxd6 11. Bxe7 Qb6 12. Bxf8 Nxf8 13. Nc3 Qxb2 14. Nb5 Qb4 15. Rb1 Qa5 16. Nxd6 Bg4 17. Qd2 Qxd2 18. Nxd2 Nxd3 19. cxd3 Rd8 20. N2c4 Be6 21. Rxb7 Bxd4 22. h3 Nd7 23. Ne4 Kf8 24. Reb1 Nb6 25. Nxb6 Bxb6 26. Rd1 Bxa2 27. Nc3 Be6 28. Nb5 Bd5 29. Rxa7 Bxa7 30. Nxa7 Bb3 31. Rd2 Ba4 32. Re2 Bb3 33. Rd2 Ba4 1/2-1/2

[Event "KGZ-ch FL"]
[Site "Bishkek"]
[Date "2019.03.07"]
[Round "5"]
[White "Zholdoshmamatov, Adilet"]
[Black "Abylkasymov, Kairatbek"]
[Result "1/2-1/2"]
[WhiteElo "1671"]
[BlackElo "1880"]
[PlyCount "84"]
[EventDate "2019.03.03"]
[EventType "swiss"]
[EventRounds "9"]
[EventCountry "KGZ"]
[SourceTitle "EXT 2021"]
[Source "ChessBase"]
[SourceDate "2020.10.23"]
[SourceVersion "1"]
[SourceVersionDate "2020.10.23"]
[SourceQuality "1"]

1. e4 c5 2. Nc3 Nc6 3. Bb5 Nd4 4. Nf3 Nxb5 5. Nxb5 d6 6. d4 Nf6 7. Nc3 cxd4 8. Qxd4 e5 9. Qd3 Be7 10. Bg5 Be6 11. Bxf6 Bxf6 12. Rd1 Be7 13. Qb5+ Qd7 14. Nxe5 Qxb5 15. Nxb5 Rc8 16. Nxd6+ Bxd6 17. Rxd6 Rxc2 18. Rd2 Rc1+ 19. Rd1 Rxd1+ 20. Kxd1 Bxa2 21. Kc2 Be6 22. f4 f6 23. Nd3 Ke7 24. Rc1 Rc8+ 25. Kd2 Rxc1 26. Kxc1 Kd6 27. Kd2 Bc4 28. b4 b6 29. Nb2 Bf1 30. g3 a5 31. Kc3 Bb5 32. bxa5 bxa5 33. Nd1 Kc5 34. Ne3 Bd7 35. Nc4 a4 36. e5 Be6 37. Nb2 a3 38. Nd3+ Kd5 39. exf6 gxf6 40. f5 Bf7 41. g4 a2 42. Kb2 Ke4 1/2-1/2

[Event "KGZ-ch FL"]
[Site "Bishkek"]
[Date "2019.03.05"]
[Round "3"]
[White "Kachkynbaev, Kyiazbek"]
[Black "Zholdoshmamatov, Adilet"]
[Result "0-1"]
[WhiteElo "1305"]
[BlackElo "1671"]
[PlyCount "42"]
[EventDate "2019.03.03"]
[EventType "swiss"]
[EventRounds "9"]
[EventCountry "KGZ"]
[SourceTitle "EXT 2021"]
[Source "ChessBase"]
[SourceDate "2020.10.23"]
[SourceVersion "1"]
[SourceVersionDate "2020.10.23"]
[SourceQuality "1"]

1. Nf3 Nf6 2. c4 g6 3. Nc3 Bg7 4. d4 0-0 5. e4 d6 6. Be2 e5 7. 0-0 exd4 8. Nxd4 Re8 9. f3 Nc6 10. Be3 Nh5 11. Qd2 f5 12. exf5 Rxe3 13. Nxc6 Rxe2 14. Qd5+ Be6 15. Qxe6+ Rxe6 16. Nxd8 Bd4+ 17. Kh1 Re5 18. Ne6 Bb6 19. f4 Rxf5 20. Nd5 Ng3+ 21. hxg3 Rh5# 0-1

[Event "Bishkek Smart Cup 4th"]
[Site "Bishkek"]
[Date "2019.??.??"]
[Round "2"]
[White "Moldobaev, Erik"]
[Black "Zholdoshmamatov, Adilet"]
[Result "1/2-1/2"]
[WhiteElo "1898"]
[BlackElo "1621"]
[PlyCount "98"]
[EventDate "2019.02.01"]
[EventType "swiss"]
[EventRounds "9"]
[EventCountry "KGZ"]
[SourceTitle "EXT 2021"]
[Source "ChessBase"]
[SourceDate "2020.10.23"]
[SourceVersion "1"]
[SourceVersionDate "2020.10.23"]
[SourceQuality "1"]

1. c4 Nf6 2. Nc3 g6 3. d4 Bg7 4. e4 d6 5. Nf3 0-0 6. Be2 e5 7. Be3 Re8 8. d5 Nbd7 9. 0-0 a5 10. b3 Nc5 11. Qc2 Bd7 12. h3 c6 13. dxc6 Bxc6 14. Nd2 Qd7 15. Rfd1 Rad8 16. a3 Qc8 17. Rac1 Ne6 18. Bf1 Nd4 19. Qb1 Nh5 20. Ne2 f5 21. exf5 gxf5 22. Bg5 Nxe2+ 23. Bxe2 Nf6 24. Be3 Qe6 25. Bb6 Ra8 26. Nf1 f4 27. Qd3 d5 28. Bg4 Nxg4 29. cxd5 Bxd5 30. Qxd5 Nf6 31. Qb5 f3 32. Ne3 fxg2 33. Qc4 Kh8 34. Qxe6 Rxe6 35. Rd8+ Rxd8 36. Bxd8 Bf8 37. Nc4 Nd5 38. Kxg2 Nf4+ 39. Kh2 b5 40. Nxa5 Bxa3 41. Rc6 Bb4 42. Rxe6 Nxe6 43. Bf6+ Kg8 44. Nc6 Bc5 45. Bxe5 Bxf2 46. Kg2 Bc5 47. Kf3 Kf7 48. Ke4 Ng5+ 49. Kd5 Bf2 1/2-1/2

[Event "KGZ-ch HL"]
[Site "Bishkek"]
[Date "2018.05.18"]
[Round "8"]
[White "Zholdoshmamatov, Adilet"]
[Black "Keldibaev, Daniiar"]
[Result "1-0"]
[WhiteElo "1533"]
[BlackElo "1619"]
[PlyCount "81"]
[EventDate "2018.05.11"]
[EventType "swiss"]
[EventRounds "9"]
[EventCountry "KGZ"]
[SourceTitle "EXT 2019"]
[Source "ChessBase"]
[SourceDate "2018.10.10"]
[SourceVersion "1"]
[SourceVersionDate "2018.10.10"]
[SourceQuality "1"]

1. e4 e5 2. Nf3 d6 3. Nc3 c5 4. Bc4 h6 5. d3 Nc6 6. 0-0 Nf6 7. Ne1 g5 8. Nd5 Be6 9. c3 Bg7 10. Be3 a6 11. a4 Ne7 12. Qb3 Rb8 13. Nxf6+ Bxf6 14. Bxe6 fxe6 15. Qxe6 Rf8 16. g3 Qd7 17. Qb3 Ng6 18. Qc2 h5 19. f4 gxf4 20. gxf4 exf4 21. Bxf4 Nh4 22. Bg3 Qg7 23. Ng2 Kd7 24. Rxf6 Rxf6 25. Bxh4 Rg6 26. Qb3 Rxg2+ 27. Kh1 Rg4 28. Rf1 Qe5 29. Rf5 Qxf5 30. exf5 Rxh4 31. Qe6+ Kc6 32. Qf7 Rg4 33. c4 Rbg8 34. Qd5+ Kc7 35. h3 R4g5 36. Qe4 h4 37. f6 Rg1+ 38. Kh2 Rf1 39. Qh7+ Kb6 40. Qxg8 Rxf6 41. Qd8+ 1-0

[Event "World Amateur-ch U1700"]
[Site "Cagliari"]
[Date "2018.04.29"]
[Round "9"]
[White "Minamoto, Marcos Cesar"]
[Black "Zholdoshmamatov, Adilet"]
[Result "0-1"]
[WhiteElo "1516"]
[BlackElo "1533"]
[PlyCount "96"]
[EventDate "2018.04.22"]
[EventType "swiss"]
[EventRounds "9"]
[EventCountry "ITA"]
[SourceTitle "CBM 184 Extra"]
[Source "ChessBase"]
[SourceDate "2018.06.28"]
[SourceVersion "1"]
[SourceVersionDate "2018.06.28"]
[SourceQuality "1"]

1. d4 Nf6 2. Bf4 g6 3. Nf3 Bg7 4. e3 d6 5. h3 0-0 6. Be2 Nh5 7. Bh2 f5 8. Nfd2 Nf6 9. c4 Nfd7 10. Qc2 e5 11. d5 a5 12. Nc3 Nc5 13. Nb3 Nbd7 14. Nxc5 Nxc5 15. Na4 Nxa4 16. Qxa4 Bd7 17. Qc2 Bc8 18. Qa4 Bd7 19. Qc2 c6 20. dxc6 Bxc6 21. Rg1 Rc8 22. Rd1 Qe7 23. Qd2 Rfd8 24. Qxa5 Ra8 25. Qb4 Rxa2 26. Bf3 e4 27. Bxd6 Rxd6 28. Qxd6 Qxd6 29. Rxd6 exf3 30. gxf3 Bxf3 31. Rd8+ Kf7 32. Rg3 Ra1+ 33. Kd2 Rd1+ 34. Kc2 Rxd8 35. Rxf3 b5 36. cxb5 Rd5 37. e4 Rxb5 38. exf5 Rxb2+ 39. Kc1 g5 40. f6 Bxf6 41. Rxf6+ Kxf6 42. Kxb2 Kf5 43. Kc2 Kf4 44. Kd3 Kf3 45. Kd4 Kxf2 46. Ke4 Kg3 47. Kf5 h6 48. Kg6 Kxh3 0-1

[Event "World ol U16"]
[Site "Ahmedabad"]
[Date "2017.12.14"]
[Round "5.2"]
[White "Zholdoshmamatov, Adilet"]
[Black "Lye, Lik Zang"]
[Result "0-1"]
[WhiteElo "1513"]
[BlackElo "2247"]
[PlyCount "70"]
[EventDate "2017.12.11"]
[EventType "team-swiss"]
[EventRounds "9"]
[EventCountry "IND"]
[SourceTitle "CBM 182 Extra"]
[Source "ChessBase"]
[SourceDate "2018.02.23"]
[SourceVersion "1"]
[SourceVersionDate "2018.02.23"]
[SourceQuality "1"]
[WhiteTeam "Kyrgyzstan"]
[BlackTeam "Malaysia"]
[WhiteTeamCountry "KGZ"]
[BlackTeamCountry "MAS"]

1. e4 c5 2. Nc3 Nc6 3. f4 g6 4. Nf3 Bg7 5. Bc4 e6 6. d3 Nge7 7. 0-0 d5 8. Bb3 0-0 9. Qe1 Nd4 10. Nxd4 cxd4 11. Ne2 a5 12. a3 dxe4 13. dxe4 d3 14. Ng3 a4 15. Ba2 dxc2 16. Qe2 Qb6+ 17. Kh1 Bxb2 18. Bxb2 Qxb2 19. Bc4 Qc3 20. Rfc1 Bd7 21. Ra2 Rfc8 22. Rcxc2 Qd4 23. h3 Bc6 24. Rd2 Qc3 25. Kh2 Rd8 26. Rdc2 Qf6 27. Qg4 Kh8 28. Rab2 Rd4 29. Qf3 Rxc4 30. e5 Qh4 31. Qe3 Qxf4 32. Qe2 Rxc2 33. Rxc2 Nf5 34. Rc3 h5 35. h4 Qxh4+ 0-1